IEP Lyon - CF Histoire 1870 (8) - Statistiques

Statistiques générales
  • Ce quiz a été pris 19 fois
  • Le résultat moyen est 31 sur 45
Statistiques - réponses
Introduction Introduction % Correct
Les étrangers: ● Développement de l'immigration: 1,133 million d'étrangers en 1911 (2,8% de la population), puis ... millions en 1931 (7% de la population). Migrations du travail organisées par les autorités (convention avec la Pologne et l'Italie en 1919, la Tchécoslovaquie en 1920, la Belgique en 1924), mais aussi par les entreprises (le Comité central des houillères fondé en 1924 la Société générale d'immigration). 3
100%
Répression forte : la promotion de l'... est condamnée (31 juillet 1920), les jugements pour ... relèvent des tribunaux correctionnels (27 mars 1923) (2 fois le même mot) avortement
100%
Femmes au ...: taux d'activité reste stable (36,9% des femmes en 1911, 36,7% en 1926), mais occupent emplois dans la grande industrie, tertiaire. travail
100%
La population est ... (51,2% de la population dans des communes de plus de 2000 habitants en 1931, 17 villes de plus de 100.000 habitants) urbaine
100%
Revendications féminines : Le droit de ... comme contrepartie de leur mobilisation pendant la guerre, portée par des associations comme l'Union française pour le suffrage des femmes fondées en 1909, débat relancé en 1915-1916. vote
100%
Renforcement des banlieues où se trouvent les industries (...M d'habitants autour de Paris, 1/3 des nouveaux arrivants) 2
90%
De nouveaux médias: • Le ... devient premier divertissement des Français: 31% des recettes des spectacles parisiens en 1926, 72% en 1939. Passage au parlant: la première salle est équipée en 1928, ¼ des salles équipées en 1931. Secteur florissant: 171 films en 1937, 250 millions de spectateurs dans 4000 salles en 1938. Jean Renoir et Marcel Carné, Jean Gabin et Arletty. cinéma
90%
● Mobilité car cette catégorie subit les conséquences de la guerre (inflation, emprunts russe, généralisation de l'... sur le revenu), catégorie s'identifie à la vulnérabilité. impôt
90%
● Les revendications ... ont du mal à s'exprimer (dans les années 1920 la CGT compte 700.000 adhérents, la CGTU autour de 200.000, CFTC autour de 125.000 adhérents). ouvrières
90%
• Développement de la ...: émetteur sur la Tour Eiffel en 1921, émetteurs privés en 1922. 500.000 récepteurs ... en 1929, 5 millions en 1938. 27 émetteurs en 1930. radio
90%
Qui a écrit Les mémoires d'une jeune fille rangée en 1958 dans lequel elle raconte ses mémoires dans une famille bourgeoise ruinée par la guerre à travers une triple perspective historiographique : économique/sociale, culturelle et intellectuelle. Simone de Beauvoir
90%
• Immédiateté de l’information, en particulier pour le ..., qui encourage la pratique ...ive (Fédérations sportives pour le football en 1919, pour le rugby en 1920, coupe du monde de football en 1928, championnat de France en 1932). sport
90%
• Effort de reconstruction: Service des travaux de première urgence en décembre ... (60.000 travailleurs civils, 200.000 prisonniers), devient Service des travaux de l’Etat jusqu’en mars 1920. Puis reconstruction à l’initiative des habitants (coopératives de reconstruction par la loi du 15 août 1928, 21160 sociétés coopératives en octobre 1922). 1918
80%
Croissance: 7% par en entre 1920 et 1924, puis ...% jusqu’à la fin des années 1920. Crise d’adaptation au début des années 1920.? 3
80%
C'est une société encore très ..., même s'il y a une chute des vocations et des pratiques religieuses (1 paroisse rurale sur 3 n’a pas de curé à demeure en 1930) catholique
80%
Impératifs de la reconstruction: loi du 17 avril 1919, l’... doit assumer l’intégralité des coûts de la reconstruction, financement passe par l’emprunt.Crédit national en 1919, 25 milliards de francs entre 1919 et 1924. Etat
80%
• Croissance nourrie par l’... (aluminium, chimie, électricité, aéronautique). Etat intervient peu. Modernisation de l’appareil productif, avec l’usine comme forme d’organisation de la production. Méthode de travail: rationalisation exigée par le manque de main d’œuvre.• Les marchés restent assez limités: élargissement par le commerce extérieur, par le commerce colonial. • Dans les campagnes: un monde en lente transformation. industrie
80%
Reconstruction et urbanisation: crise du ... (il manque 500.000 ...s en 1922, pour 102 villes hors zone de reconstruction, l’indice 100 en 1913 chute à 23 en 1921 et 114 en 1926) logement
80%
Âge des classes ...?
● Catégorie définie par différenciation (contre la classe ouvrière, aspiration vers
bourgeoisie). Petite et moyenne bourgeoisie comprend une douzaine de millions de
personnes en 1931, sur 42 millions d'habitants, soit 55% de la population active.
moyennes
80%
● Mobilisation ... du monde paysan: communistes (Confédération générale des travailleurs paysans en 1929), SFIO (Confédération nationale paysanne en 1933), droite(catholicisme paysan). Parti agraire et paysan français fondé par Gabriel Fleurant en 1927, radicalisation avec meetings de masse, actions violentes (manifestation qui dégénère à Paris en février 1933) politique
80%
● Migrations ... dans les années 1930: 70.000 Russes blancs, 65.000 Arméniens, 30.000 exilés antifascistes. Définition du statut d'apatride en 1922 par la SDN, passeport Nansen. politiques
80%
Rôle des pouvoirs publics : institution de la journée nationale des mères de famille le 9 mai ..., Conseil supérieur de la natalité en ..., loi Landry de 1932 (sursalaire aux familles de deux enfants ou plus et accès privilégié aux HBM). Décret-loi qui établit les allocations familiales le 12 novembre 1938, Code de la famille le 29 juillet 1939. (2 fois la même année) 1920
70%
• Amplitude: loi Astier de 1919 qui organise l’enseignement technique, ouverture dubaccalauréat aux filles en ..., premières mesures de gratuité de l’enseignement secondaire la même année. 1924
70%
Représentation sociale des femmes marquée par retour au discours normatif: femme mariée, maternité (journée des mères en ..., assurance maternité en 1930), rôle de la ménagère et valorisation du travail domestique. 1926
70%
Stabilisation des cadres anciens: alphabétisation appuyée sur le système scolaire (...%d’analphabètes en 1921, 61% ont une maîtrise de l’écrit inférieure ou égale au cours élémentaire). 7
70%
● Migrations plutôt masculines, taux de natalité et taux d'activité important. Vagues de xénophobie, suscite contrôle des autorités (entre 1920 et 1926, 5 décrets pour contrôler la circulation de cette main d'œuvre, modification des critères de ... par la loi du 10août 1927). nationalité
70%
Socle commun: le ... ● Reprise à gauche des valeurs universelles en 1919(Barbusse, Vaillant -Couturier), Nouvelle Revue Française reprend en juin 1919, promeut une« détente de l'obligation civique dans l'ordre de la pensée». ... militant autour d'Alain et de sa revue Libres propos. ● ... dans les arts: retour d'un discours conservateur (art classique français opposé au "kubisme" allemand, exposition De la Tour et Le Nain en 1934). Architecture: Amédée Ozenfant et Le Corbusier Après le cubisme (1918): rigueur et au purisme. (3 fois le même mot) pacifisme
70%
● Politique républicaine pivote autour des classes moyennes (parti ...). Touchés par la
crise: journée boutiques fermées des 14 février et 3 mai 1933 par les syndicats de
commerçants contre les charges fiscales.
radical
70%
Classes ouvrières: 33,7 à 38,8% de la population active entre 1906 et 1931.● Transformation des conditions de travail: figure de l'OS. Mise en place de grandes ...: Renault passe de 4400 salariés à 30.000 salariés entre 1914 et 1930 usines
70%
La population est ... : question démographique obsessionnelle (accroissement naturel de 0,2% en 1931, 11% des familles ont plus de 4 enfants en 1926) vieillissante
70%
La population employée dans l'agriculture baisse de 42% à ..;% de la population active de 1921 à 1936. 36
60%
• Mais continuités fortes: rôle des ...-..., hiérarchie des genres qui privilégie le roman, rôle de l’écrivain (La Nouvelle Revue française en 1909). ...-... assimilée au surréalisme (Manifeste surréaliste en 1924) (2 fois le même mot) avant-garde
60%
Promotion de la ... : rôle des philanthropes comme les Cognacq-Jay qui proposent 90 dotations de 25.000 francs pour les familles de 9 enfants ou plus, rôle des associations commel’Alliance nationale pour l’accroissement de la population française natalité
60%
• Rôle de l’imprimé (...-... 1,8 million d’exemplaires en 1939, le ....... 1million d’exemplaires). ...-... en 1937, ... en 1938. (nommer une revue) Paris-Soir / Petit Parisien / Marie-Claire / Match
60%
Intellectuels et engagements par les manifestes: ● 1er mai 1919: naissance de Clarté autour d'Henri Barbusse, prône la réconciliation des intellectuels, s'inspire de la révolution ... russe
60%
On a une ... des conditions de vie : presque toutes les communes sont raccordées au réseau électrique en 1939), harmonisation dans les villes avec le logement ou la consommation, machines dans les foyers homogénéisation
50%
Qui a dit « si la France renonce aux familles nombreuses, vous aurez beau mettre dans les traités les plus belles clauses que vous voudrez, vous aurez beau prendre tous les canons de l’Allemagne, vous aurez beau faire tout ce qui vous plaira, la France sera perdue parce qu’il n’y aura plus de Français » Clemenceau
40%
Adaptation repose sur l'ouverture de l'... pour les femmes . Mais retard des évolutions politiques et légales: les regards se concentrent sur les réussites d'autant plus spectaculaires qu'elles restent rares (Marie Curie, peintres comme Marie Laurencin, sportives comme Suzanne Lenglen…). enseignement / éducation
40%
● Mais le monde ouvrier ne s'... pas (1/5e des ouvriers travaillent dans les grandes usines, 60% restent dans des structures de moins de 100 salariés en 1931), pasd'amélioration des conditions de travail: critique du travail à la chaîne et intensification du contrôle et de la mainmise patronale. Amélioration très progressive des conditions de vie. homogénéise
40%
● ...-manifeste dans Le Figaro de Henri Massis le 19 juillet 1919: primauté de la
culture française contre la barbarie allemande et bolchevique.
● Réaction de Jacques Rivière de la NRF en septembre 1919: "Le parti de l'intelligence".
● Manifestes relancés avec la guerre du Rif
contre
30%
• Effets rapides: la Somme est à 38% de son niveau d’avant-guerre en 1919, 83% en 1921. Loi ... du 14 mars 1919 qui impose projets d’aménagement pour les communes de plus de 10.000 habitants. Mais modernisation reste décentralisée et partielle. Cornudet
30%
Engagement qui amène renouvellement de jeunes intellectuels refusant alternative entre la gauche bolchevique et la droite maurassienne:
● ..., fondé en 1932 par André Déléage, Georges Izard et Emmanuel Mounier.
Dépasser l'individualisme et le collectivisme par le personnalisme, qui inspire le
catholicisme de gauche.
● ... en 1933: opposition au capitalisme, au parlementarisme, promeuvent révolution totale, démocratie fédéraliste, économie planifiée et corporative. ● ...: conflits de génération dans les partis: néo-socialistes autour de Marcel Déat en 1933, Jeunes radicaux avec Mendès-France, droite catholique. (nommer une des revues)
Esprit / Ordre nouveau / Effets politiques
30%
● Modernisation: nombre de tracteurs de 2500 à 27000 entre 1919 et 1929. Engrais. Mais ... médiocre: petite exploitation en faire-valoir direct reste la norme (les exploitations font 8,3 hectares en moyenne en 1929).● Organisation paysanne: coopératives, syndicats agricoles (Union centrale des syndicats agricoles, Société nationale d'encouragement à l'agriculture). 6000 syndicats en 1918, 15000 en 1930, 2 millions d'adhérents. Chambres d'agriculture. productivité
20%
Nouvelles formes d'.. : périodiques pour la jeunesse (Cœurs Vaillants reprend Tintin et Milou en 1930), associations (scoutisme), sport (Fédérationcatholique de gymnastique en 1939). L' Action catholique coordonne les actions pour lutter contre la déchristianisation: Jeunesses ouvrières chrétiennes (1927), Jeunesses agricoles catholiques (1929), Jeunesses étudiantes chrétiennes (1929) encadrement
10%
Le discours d'avant-garde reste marginal, discours de rupture porté par le ... (LaGarçonne de Victor Margueritte en 1922) scandale
10%
Aucun quiz correspondant
Distribution des résultats
% des personnes avec chaque résultat
Percentile par nombre de réponses
Votre historique - résultats
Vous n’avez pas pris ce quiz